00000000nam##2200000za#4500
0019.569475
003CaOODSP
00520210624181803
007cr |||||||||||
008150406|1987||||xxc|||||o    f|0| 0 eng|d
040 |aCaOODSP|beng
043 |an-cn---
0861 |aNH18-1/189-1987E-PDF
1102 |aCanada Mortgage and Housing Corporation.
24510|aRural and Native demonstration program : |h[electronic resource]|bconstruction system development by Add-On Buildings Ltd., report and construction manual / |cby Add-On Buildings Ltd.
260 |aOttawa - Ontario : |bCanada Mortgage and Housing Corporation |c1987.
300 |a53p.|bfigs., tables
4901 |aResearch report
590 |a11-06-Supp|b2011-04-14
830#0|aResearch report (Canada Mortgage and Housing Corporation : Online)|w(CaOODSP)9.506068
85640|ahttp://publications.gc.ca|qPDF|s1.89 MB|uhttps://publications.gc.ca/collections/collection_2011/schl-cmhc/nh18-1/NH18-1-189-1987-eng.pdf